• AIU
  • Tony Wilmot Memorial Library

Discourse function of conjoiners in the Pastoral Epistles / (Record no. 63405)

MARC details
000 -LEADER
fixed length control field 00689nam a2200217 a 4500
003 - CONTROL NUMBER IDENTIFIER
control field OSt
005 - DATE AND TIME OF LATEST TRANSACTION
control field 20181107154300.0
008 - FIXED-LENGTH DATA ELEMENTS--GENERAL INFORMATION
fixed length control field 991221s1996 00eng d
020 ## - INTERNATIONAL STANDARD BOOK NUMBER
International Standard Book Number 1556710410
035 ## - SYSTEM CONTROL NUMBER
System control number (MSEA old Access rec no.)11609
035 ## - SYSTEM CONTROL NUMBER
System control number (MSEA old Access item no.)C01048
040 ## - CATALOGING SOURCE
Original cataloging agency DLC
Language of cataloging DLC
Transcribing agency DLC
082 04 - DEWEY DECIMAL CLASSIFICATION NUMBER
Classification number 227.83
100 1# - MAIN ENTRY--PERSONAL NAME
Personal name Heckert, Jakob K.
9 (RLIN) 47784
245 00 - TITLE STATEMENT
Title Discourse function of conjoiners in the Pastoral Epistles /
Statement of responsibility, etc Jakob K. Heckert..
260 ## - PUBLICATION, DISTRIBUTION, ETC. (IMPRINT)
Place of publication, distribution, etc Dallas, Tex.:
Name of publisher, distributor, etc Summer Institute of Linguistics
Date of publication, distribution, etc c1996
300 ## - PHYSICAL DESCRIPTION
Extent 111 p.
504 ## - BIBLIOGRAPHY, ETC. NOTE
Bibliography, etc Bibliography: p.109-111.
650 00 - SUBJECT ADDED ENTRY--TOPICAL TERM
Topical term or geographic name as entry element Bible. N.T. Pastoral epistles
General subdivision Discourse
9 (RLIN) 47785
942 ## - ADDED ENTRY ELEMENTS (KOHA)
Source of classification or shelving scheme Library of Congress Classification
Koha item type Books
Holdings
Withdrawn status Lost status Source of classification or shelving scheme Damaged status Not for loan Collection code Home library Current library Shelving location Date acquired Source of acquisition Cost, normal purchase price Total Checkouts Full call number Barcode Date last seen Copy number Price effective from Koha item type
    Library of Congress Classification     General Circulation AIU/NEGST - Tony Wilmot Memorial Library AIU/NEGST - Tony Wilmot Memorial Library General Stacks 12/04/2016 D - Dr. George Hutter 15.00   PA 813.H424 1996 T05033W3232 09/26/2019 1 11/07/2018 Books